| 000 | 00623cam a22002293a 4500 | ||
|---|---|---|---|
| 001 | 14378 | ||
| 003 | PGUSA | ||
| 005 | 20140828083316.0 | ||
| 008 | 041218s2004||||xxu|||||s|||||000 | eng d | ||
| 040 |
_aPGUSA _beng |
||
| 042 | _adc | ||
| 050 | 4 | _aBP | |
| 245 | 1 | 0 |
_aFive Years of Theosophy _h[electronic resource] |
| 260 |
_bProject Gutenberg, _c2004 |
||
| 506 | _aPublic domain in the USA. | ||
| 516 | _aElectronic text | ||
| 653 | _aTheosophy | ||
| 700 | 1 |
_aMead, G. R. S. _q(George Robert Stow), _d1863-1933 |
|
| 830 | 0 |
_aProject Gutenberg _v14378 |
|
| 856 | 4 | 0 | _uhttp://www.gutenberg.org/ebooks/14378 |
| 942 | _cEB | ||
| 999 |
_c243633 _d243633 |
||